000 00601nam a2200193 a 4500
001 000034330
005 20200930073637.0
008 111003s1995 es 000 0 spa d
020 _a8426412386
040 _aDO-SdBNP
_bspa
_cBNPHU
100 1 _aEco, Umberto
_941367
245 1 3 _aLa isla del día de antes /
_cUmberto Eco ; traducción de Helena Lozano Miralles.
260 _aEspaña :
_bLumen,
_c1995.
300 _a422 p. ;
_c22 cm.
490 1 _aPalabra en el tiempo ;
_v238 p.
700 1 _aLozano Miralles, Helena de
_959756
830 0 _aaPalabra en el tiempo ;
_v238
_959757
049 _aBNPD
999 _c33821
_d33821